Maiores Países Produtores de Filmes - Statistics

Estatísticas Gerais
  • Esse quiz foi jogado 20 874 vezes
  • A pontuação média é 16 de 20
Estatísticas das Respostas
# País % Correto
791 Estados Unidos
100%
129 Brasil
99%
752 China
95%
300 França
94%
1907 Índia
93%
103 Canadá
91%
581 Japão
91%
140 México
91%
255 Espanha
90%
121 Rússia
90%
226 Alemanha
88%
182 Argentina
87%
185 Itália
86%
298 Reino Unido
85%
269 Coreia do Sul
84%
137 Turquia
51%
102 Suíça
48%
86 Indonésia
47%
87 Países Baixos
47%
997 Nigéria
42%
Nenhum quiz correspondente encontrado
Distribuição das Pontuações
Porcentagem de Pessoas com Cada Pontuação
Percentil de Números Respondidos
Sua Pontuação Histórica
Você não jogou esse quiz